| Поле | Инд. | ПП | Название | Значение |
|---|---|---|---|---|
| Тип записи | a | |||
| Библиографический уровень | b | |||
| 001 | Контрольный номер | RU/IS/BASE/128517485 | ||
| 005 | Дата корректировки | 20200528185513.7 | ||
| 084 | a | Индекс другой классификации/Индекс ББК | 60.561.32; 66.06 | |
| a | Индекс другой классификации/Индекс ББК | 66.3(2Рос),131 | ||
| 100 | 1_ | a | Автор | Римский В. Л. |
| 245 | a | Заглавие | Выборы без стратегического выбора | |
| 504 | a | Библиография | Библиогр.: с. 59 | |
| 650 | a | Основная рубрика | внутренняя политика | |
| a | Основная рубрика | политика | ||
| a | Основная рубрика | политическая социология | ||
| a | Основная рубрика | политология | ||
| a | Основная рубрика | социология | ||
| 653 | a | Ключевые слова | бюрократический аппарат | |
| a | Ключевые слова | бюрократический тип управления | ||
| a | Ключевые слова | бюрократия | ||
| a | Ключевые слова | государственная власть | ||
| a | Ключевые слова | государственное управление | ||
| a | Ключевые слова | президентские выборы | ||
| a | Ключевые слова | Россия | ||
| a | Ключевые слова | социология избирательной системы | ||
| 773 | t | Заглавие источника | Общественные науки и современность | |
| d | Дата издания источника | 2003 | ||
| g | Прочая информация | № 5. - С. 49 - 59 | ||
| w | Контрольный № источника | RU/IS/BASE/118154823 | ||
| 901 | t | Тип документа | b |